| 000 -CABECERA |
| Campo de control de longitud fija |
00680nam a22001817a 4500 |
| 005 - FECHA Y HORA DE LA ÚLTIMA TRANSACCIÓN |
| Campo de control |
20230926110201.0 |
| 008 - CAMPO FIJO DE DESCRIPCIÓN FIJA--INFORMACIÓN GENERAL |
| Campo de control de longitud fija |
230926b ||||| |||| 00| 0 eng d |
| 020 ## - ISBN (INTERNATIONAL STANDARD BOOK NUMBER) |
| ISBN |
9788412740509 |
| 040 ## - FUENTE DE CATALOGACIÓN |
| Agencia de catalogación original |
CDMR |
| 245 ## - MENCIÓN DE TÍTULO |
| Título |
Antonio Franco, un gegant del periodisme |
| 260 ## - PUBLICACIÓN, DISTRIBUCIÓN, ETC (PIE DE IMPRENTA) |
| Lugar de publicación, distribución, etc. |
Barcelona : |
| Nombre del editor, distribuidor, etc. |
Col·legi de Periodistes de Catalunya, |
| Fecha de publicación, distribución, etc. |
2023 |
| 300 ## - DESCRIPCIÓN FÍSICA |
| Extensión |
286 p. |
| Dimensiones |
; 24 cm |
| 490 ## - MENCIÓN DE SERIE |
| Mención de serie |
Vaixells de paper |
| Número de volumen/designación secuencial |
; 35 |
| 505 ## - NOTA DE CONTENIDO FORMATEADA |
| Nota de contenido con formato preestablecido |
Conté articles publicats per Antonio Franco en diferents diaris, així com entrevistes, obituaris i articles sobre ell escrits per diversos autors |
| 600 10 - ASIENTO SECUNDARIO DE MATERIA--NOMBRE PERSONAL |
| 9 (RLIN) |
1202 |
| Nombre de persona |
Franco, Antonio |
| 710 2# - ENCABEZAMIENTO SECUNDARIO--NOMBRE CORPORATIVO |
| 9 (RLIN) |
133 |
| Nombre corporativo o de jurisdicción como elemento de entrada |
Col·legi de Periodistes de Catalunya |
| 942 ## - ELEMENTOS KOHA |
| Fuente de clasificación o esquema de ordenación en estanterías |
|
| Koha tipo de item |
Monografies |